000
00299nam a22001337a 4500
008
170825b xxu||||| |||| 00| 0 eng d
020
_a
9780767400619
041
_a
eng
080
_a
070
100
_a
39
101
_a
MED
245
_a
READINGS IN CULTURAL CONTEXTS
_c
MARTIN,J,N
942
_2
udc
_c
BK
999
_c
25089
_d
25089